| 000 | 00539nam a2200205Ia 4500 | ||
|---|---|---|---|
| 003 | OSt | ||
| 005 | 20230615113033.0 | ||
| 008 | 210423s1971 xx 000 0 und d | ||
| 040 | _cAL | ||
| 041 | _aeng | ||
| 082 |
_a361.3 _223 _bIGNR |
||
| 100 |
_aIGNOU _9116126 |
||
| 245 | _aReligion and social work: indian content | ||
| 260 |
_bIgnou _c1971 |
||
| 365 |
_b118 _cINR |
||
| 650 |
_aSocial Problems & Services _9116127 |
||
| 650 |
_aSocial Work _9116128 |
||
| 906 | _acontent ; indian ; Religion ; social ; work: | ||
| 942 |
_2ddc _cBK |
||
| 999 |
_c175439 _d175439 |
||